00438nam a2200157Ia 4500008004100000020001600041082001900057100002300076245007900099250000600178260002900184300001000213500002400223650001800247700001500265230524s9999 xx 000 0 und d a9.78801E+13 a629.40954bKAL aA.P.J. Abdul Kalam 4aThe Scientific INDIAN a Twenty-First Century Guide to the World Around us  a1 aNew Delhibpenguinc2020 a222p; aQuantity Number: 1 aMiscellaneous aY.S. Rajan